00252nam a2200073Ia 4500082001900000245006400019100005400083008004100137 aR 363.203 DUTO 0aTweetalige polisiewoordeboek : bilingual police dictionary  a DU TOIT, I E. Pretoria : JL van Schaik, 1994 210817s9999 xx 000 0 und d